| 000 | 01626cam a2200277 4500 | ||
|---|---|---|---|
| 001 | ABS67079 | ||
| 008 | 030930n2003 000 0 eng u | ||
| 035 | _a(Sirsi) u123782 | ||
| 245 | _aWhat to do when a tenant wants out | ||
| 260 | _c2003 | ||
| 490 |
_aEstates Gazette _v(0336) 6 September 2003, 102-104(3) |
||
| 490 |
_aEstates Gazette _v(0337) 13 September 2003, 128-130(3) |
||
| 520 | _aThis two part "Mainly for Student" article reports back on a training day organised by the in-house property consultancy arm of Birmingham City Council for APC candidates in July 2003. Candidates were given a hypothetical landlord and tenant scenario to deal with. The aim of such events is to stress to candidates the importance of making links between landlord and tenant tasks and other areas of practice such as valuation and investment reinforcing the principle of all round knowledge. Emphasises the importance of keeping up to date with case law referring to "Homebase Ltd v Allied Dunbar Assurance plc" [2003] EWCA Civ 666, Abs65740 as an example. Discusses the expectations of APC assessors regarding candidates' knowledge of landlord and tenant issues. Concludes with a list of current landlord and tenant issues. | ||
| 590 | _aABS | ||
| 650 |
_aAPC _96216 |
||
| 650 | _aCAREERS, EDUCATION AND TRAINING | ||
| 650 | _aAPC INTERVIEWS | ||
| 650 | _aHOMEBASE LTD AND ANOTHER V ALLIED DUNBAR ASSURANCE PLC | ||
| 650 |
_aLANDLORD AND TENANT _96252 |
||
| 650 | _aESTATE MANAGEMENT | ||
| 650 | _aAGENCY | ||
| 650 | _aINVESTMENT | ||
| 650 |
_aValuation _96273 |
||
| 690 |
_aLandlord and tenant _96252 |
||
| 942 | _n0 | ||
| 999 |
_c73505 _d73505 |
||